RISE OF THE BRICS IN THE GLOBAL POLITICA (Record no. 32391)

MARC details
000 -LEADER
fixed length control field 00329nam a2200133Ia 4500
008 - FIXED-LENGTH DATA ELEMENTS--GENERAL INFORMATION
fixed length control field 240624s9999 xx 000 0 und d
041 ## - LANGUAGE CODE
Language code of text/sound track or separate title eng
082 ## - DEWEY DECIMAL CLASSIFICATION NUMBER
Classification number 335 LO
100 ## - MAIN ENTRY--PERSONAL NAME
Personal name LO VAI LO
245 ## - TITLE STATEMENT
Title RISE OF THE BRICS IN THE GLOBAL POLITICA
260 ## - PUBLICATION, DISTRIBUTION, ETC.
Date of publication, distribution, etc. 2014
Place of publication, distribution, etc. USA
Name of publisher, distributor, etc. Elgar
300 ## - PHYSICAL DESCRIPTION
Extent xviii, 327 P.; 23 cm
365 ## - TRADE PRICE
Currency code BPS
Price amount 33
Holdings
Withdrawn status Lost status Damaged status Not for loan Home library Current library Shelving location Date acquired Full call number Barcode Date last seen Copy number Price effective from Koha item type
        IMTN IMTN Rack 12-B 07/02/2020 335 LO 32391 06/24/2024 97.4 06/24/2024 Books
Designed & Maintained by: LRC IMT Nagpur Contact: lrc@imtnag.ac.in© 2024. All Rights Reserved.